<?xml version="1.0" encoding="UTF-8"?>
<record
    xmlns:xsi="http://www.w3.org/2001/XMLSchema-instance"
    xsi:schemaLocation="http://www.loc.gov/MARC21/slim http://www.loc.gov/standards/marcxml/schema/MARC21slim.xsd"
    xmlns="http://www.loc.gov/MARC21/slim">

  <leader>00372nam a22001697a 4500</leader>
  <controlfield tag="003">OSt</controlfield>
  <controlfield tag="005">20231121072131.0</controlfield>
  <controlfield tag="008">191025b        xxu||||| |||| 00| 0 eng d</controlfield>
  <datafield tag="020" ind1=" " ind2=" ">
    <subfield code="a">9789384479640</subfield>
  </datafield>
  <datafield tag="040" ind1=" " ind2=" ">
    <subfield code="c">IIMT UNIVERSITY</subfield>
  </datafield>
  <datafield tag="100" ind1=" " ind2=" ">
    <subfield code="a">SINGH OMKAR</subfield>
  </datafield>
  <datafield tag="245" ind1=" " ind2=" ">
    <subfield code="a">GENETICS</subfield>
  </datafield>
  <datafield tag="250" ind1=" " ind2=" ">
    <subfield code="a">2 ED</subfield>
  </datafield>
  <datafield tag="260" ind1=" " ind2=" ">
    <subfield code="a">MEERUT</subfield>
    <subfield code="b">RAMA PUB</subfield>
    <subfield code="c">2019</subfield>
  </datafield>
  <datafield tag="300" ind1=" " ind2=" ">
    <subfield code="a">339</subfield>
  </datafield>
  <datafield tag="942" ind1=" " ind2=" ">
    <subfield code="2">ddc</subfield>
    <subfield code="c">02</subfield>
  </datafield>
  <datafield tag="999" ind1=" " ind2=" ">
    <subfield code="c">49251</subfield>
    <subfield code="d">49251</subfield>
  </datafield>
  <datafield tag="952" ind1=" " ind2=" ">
    <subfield code="0">0</subfield>
    <subfield code="1">0</subfield>
    <subfield code="2">ddc</subfield>
    <subfield code="4">0</subfield>
    <subfield code="7">0</subfield>
    <subfield code="a">01</subfield>
    <subfield code="b">01</subfield>
    <subfield code="d">2019-10-25</subfield>
    <subfield code="e">RAMA PUB</subfield>
    <subfield code="g">250.00</subfield>
    <subfield code="i">19-20/894</subfield>
    <subfield code="l">4</subfield>
    <subfield code="m">1</subfield>
    <subfield code="p">01-B-129726</subfield>
    <subfield code="r">2025-02-12</subfield>
    <subfield code="s">2024-09-26</subfield>
    <subfield code="u">GENETICS</subfield>
    <subfield code="w">2019-10-25</subfield>
    <subfield code="y">02</subfield>
  </datafield>
  <datafield tag="952" ind1=" " ind2=" ">
    <subfield code="0">0</subfield>
    <subfield code="1">0</subfield>
    <subfield code="2">ddc</subfield>
    <subfield code="4">0</subfield>
    <subfield code="7">0</subfield>
    <subfield code="a">01</subfield>
    <subfield code="b">01</subfield>
    <subfield code="d">2019-10-25</subfield>
    <subfield code="e">RAMA PUB</subfield>
    <subfield code="g">250.00</subfield>
    <subfield code="i">19-20/894</subfield>
    <subfield code="l">3</subfield>
    <subfield code="p">01-B-129727</subfield>
    <subfield code="r">2025-03-03</subfield>
    <subfield code="s">2024-09-09</subfield>
    <subfield code="u">GENETICS</subfield>
    <subfield code="w">2019-10-25</subfield>
    <subfield code="y">02</subfield>
  </datafield>
  <datafield tag="952" ind1=" " ind2=" ">
    <subfield code="0">0</subfield>
    <subfield code="1">0</subfield>
    <subfield code="2">ddc</subfield>
    <subfield code="4">0</subfield>
    <subfield code="7">0</subfield>
    <subfield code="a">01</subfield>
    <subfield code="b">01</subfield>
    <subfield code="d">2019-10-25</subfield>
    <subfield code="e">RAMA PUB</subfield>
    <subfield code="g">250.00</subfield>
    <subfield code="i">19-20/894</subfield>
    <subfield code="l">4</subfield>
    <subfield code="p">01-B-129728</subfield>
    <subfield code="q">2022-03-15</subfield>
    <subfield code="r">2021-10-19</subfield>
    <subfield code="s">2021-10-19</subfield>
    <subfield code="u">GENETICS</subfield>
    <subfield code="w">2019-10-25</subfield>
    <subfield code="y">02</subfield>
  </datafield>
  <datafield tag="952" ind1=" " ind2=" ">
    <subfield code="0">0</subfield>
    <subfield code="1">0</subfield>
    <subfield code="2">ddc</subfield>
    <subfield code="4">0</subfield>
    <subfield code="7">0</subfield>
    <subfield code="a">01</subfield>
    <subfield code="b">01</subfield>
    <subfield code="d">2019-10-25</subfield>
    <subfield code="e">RAMA PUB</subfield>
    <subfield code="g">250.00</subfield>
    <subfield code="i">19-20/894</subfield>
    <subfield code="l">5</subfield>
    <subfield code="p">01-B-129729</subfield>
    <subfield code="q">2026-07-31</subfield>
    <subfield code="r">2026-03-11</subfield>
    <subfield code="s">2026-03-11</subfield>
    <subfield code="u">GENETICS</subfield>
    <subfield code="w">2019-10-25</subfield>
    <subfield code="y">02</subfield>
  </datafield>
  <datafield tag="952" ind1=" " ind2=" ">
    <subfield code="0">0</subfield>
    <subfield code="1">0</subfield>
    <subfield code="2">ddc</subfield>
    <subfield code="4">0</subfield>
    <subfield code="7">0</subfield>
    <subfield code="a">01</subfield>
    <subfield code="b">01</subfield>
    <subfield code="d">2019-10-25</subfield>
    <subfield code="e">RAMA PUB</subfield>
    <subfield code="g">250.00</subfield>
    <subfield code="i">19-20/894</subfield>
    <subfield code="l">4</subfield>
    <subfield code="m">1</subfield>
    <subfield code="p">01-B-129730</subfield>
    <subfield code="q">2023-03-15</subfield>
    <subfield code="r">2022-10-06</subfield>
    <subfield code="s">2022-10-06</subfield>
    <subfield code="u">GENETICS</subfield>
    <subfield code="w">2019-10-25</subfield>
    <subfield code="y">02</subfield>
  </datafield>
  <datafield tag="952" ind1=" " ind2=" ">
    <subfield code="0">0</subfield>
    <subfield code="1">0</subfield>
    <subfield code="2">ddc</subfield>
    <subfield code="4">0</subfield>
    <subfield code="7">0</subfield>
    <subfield code="a">01</subfield>
    <subfield code="b">01</subfield>
    <subfield code="d">2019-10-25</subfield>
    <subfield code="e">RAMA PUB</subfield>
    <subfield code="g">250.00</subfield>
    <subfield code="i">19-20/894</subfield>
    <subfield code="l">3</subfield>
    <subfield code="p">01-B-129731</subfield>
    <subfield code="r">2025-02-10</subfield>
    <subfield code="s">2024-09-09</subfield>
    <subfield code="u">GENETICS</subfield>
    <subfield code="w">2019-10-25</subfield>
    <subfield code="y">02</subfield>
  </datafield>
  <datafield tag="952" ind1=" " ind2=" ">
    <subfield code="0">0</subfield>
    <subfield code="1">0</subfield>
    <subfield code="2">ddc</subfield>
    <subfield code="4">0</subfield>
    <subfield code="7">0</subfield>
    <subfield code="a">01</subfield>
    <subfield code="b">01</subfield>
    <subfield code="d">2019-10-25</subfield>
    <subfield code="e">RAMA PUB</subfield>
    <subfield code="g">250.00</subfield>
    <subfield code="i">19-20/894</subfield>
    <subfield code="l">5</subfield>
    <subfield code="p">01-B-129732</subfield>
    <subfield code="r">2025-01-25</subfield>
    <subfield code="s">2024-09-10</subfield>
    <subfield code="u">GENETICS</subfield>
    <subfield code="w">2019-10-25</subfield>
    <subfield code="y">02</subfield>
  </datafield>
  <datafield tag="952" ind1=" " ind2=" ">
    <subfield code="0">0</subfield>
    <subfield code="1">0</subfield>
    <subfield code="2">ddc</subfield>
    <subfield code="4">0</subfield>
    <subfield code="7">0</subfield>
    <subfield code="a">01</subfield>
    <subfield code="b">01</subfield>
    <subfield code="d">2019-10-25</subfield>
    <subfield code="e">RAMA PUB</subfield>
    <subfield code="g">250.00</subfield>
    <subfield code="i">19-20/894</subfield>
    <subfield code="l">3</subfield>
    <subfield code="p">01-B-129733</subfield>
    <subfield code="r">2025-01-30</subfield>
    <subfield code="s">2024-09-11</subfield>
    <subfield code="u">GENETICS</subfield>
    <subfield code="w">2019-10-25</subfield>
    <subfield code="y">02</subfield>
  </datafield>
  <datafield tag="952" ind1=" " ind2=" ">
    <subfield code="0">0</subfield>
    <subfield code="1">0</subfield>
    <subfield code="2">ddc</subfield>
    <subfield code="4">0</subfield>
    <subfield code="7">0</subfield>
    <subfield code="a">01</subfield>
    <subfield code="b">01</subfield>
    <subfield code="d">2019-10-25</subfield>
    <subfield code="e">RAMA PUB</subfield>
    <subfield code="g">250.00</subfield>
    <subfield code="i">19-20/894</subfield>
    <subfield code="l">2</subfield>
    <subfield code="p">01-B-129734</subfield>
    <subfield code="r">2025-02-11</subfield>
    <subfield code="s">2024-09-10</subfield>
    <subfield code="u">GENETICS</subfield>
    <subfield code="w">2019-10-25</subfield>
    <subfield code="y">02</subfield>
  </datafield>
  <datafield tag="952" ind1=" " ind2=" ">
    <subfield code="0">0</subfield>
    <subfield code="1">0</subfield>
    <subfield code="2">ddc</subfield>
    <subfield code="4">0</subfield>
    <subfield code="7">0</subfield>
    <subfield code="a">01</subfield>
    <subfield code="b">01</subfield>
    <subfield code="d">2019-10-25</subfield>
    <subfield code="e">RAMA PUB</subfield>
    <subfield code="g">250.00</subfield>
    <subfield code="i">19-20/894</subfield>
    <subfield code="l">3</subfield>
    <subfield code="p">01-B-129735</subfield>
    <subfield code="q">2025-01-31</subfield>
    <subfield code="r">2024-09-17</subfield>
    <subfield code="s">2024-09-17</subfield>
    <subfield code="u">GENETICS</subfield>
    <subfield code="w">2019-10-25</subfield>
    <subfield code="y">02</subfield>
  </datafield>
</record>
